Sting : (Record no. 10176)
[ view plain ]
| 000 -LEADER | |
|---|---|
| fixed length control field | 02038cam a2200421 a 4500 |
| 001 - CONTROL NUMBER | |
| control field | 14008952 |
| 003 - CONTROL NUMBER IDENTIFIER | |
| control field | OSt |
| 005 - DATE AND TIME OF LATEST TRANSACTION | |
| control field | 20210217110844.0 |
| 008 - FIXED-LENGTH DATA ELEMENTS--GENERAL INFORMATION | |
| fixed length control field | 050620s2004 tnua 000 0aeng d |
| 010 ## - LIBRARY OF CONGRESS CONTROL NUMBER | |
| LC control number | 2005298753 |
| 020 ## - INTERNATIONAL STANDARD BOOK NUMBER | |
| International Standard Book Number | 1404102116 |
| 035 ## - SYSTEM CONTROL NUMBER | |
| System control number | (OCoLC)ocm57342709 |
| 040 ## - CATALOGING SOURCE | |
| Original cataloging agency | JFN |
| Transcribing agency | JFN |
| Modifying agency | OCLCQ |
| -- | DLC |
| 042 ## - AUTHENTICATION CODE | |
| Authentication code | lccopycat |
| 043 ## - GEOGRAPHIC AREA CODE | |
| Geographic area code | n-us--- |
| 050 00 - LIBRARY OF CONGRESS CALL NUMBER | |
| Classification number | GV1196.S75 |
| Item number | B728S |
| 082 04 - DEWEY DECIMAL CLASSIFICATION NUMBER | |
| Classification number | 796.812092 |
| Edition number | 22 |
| Item number | B728S |
| 100 0# - MAIN ENTRY--PERSONAL NAME | |
| Personal name | Sting |
| Titles and words associated with a name | (Wrestler), |
| Dates associated with a name | 1959- |
| 245 10 - TITLE STATEMENT | |
| Title | Sting : |
| Remainder of title | moment of truth / |
| Statement of responsibility, etc. | Steve Borden a.k.a. Sting with George King. |
| 246 30 - VARYING FORM OF TITLE | |
| Title proper/short title | Moment of truth |
| 260 ## - PUBLICATION, DISTRIBUTION, ETC. | |
| Place of publication, distribution, etc. | Nashville, Tenn. : |
| Name of publisher, distributor, etc. | J. Countryman, |
| Date of publication, distribution, etc. | c2004. |
| 300 ## - PHYSICAL DESCRIPTION | |
| Extent | 125 p. : |
| Other physical details | ill. (chiefly col.) ; |
| Dimensions | 20 cm. |
| 500 ## - GENERAL NOTE | |
| General note | Added subtitle on cover: A story of power, pain & ultimate triumph. |
| 505 0# - FORMATTED CONTENTS NOTE | |
| Formatted contents note | Preface: Moment of truth -- Making a movie -- Growing up -- The Hulk and blue spandex -- Jeff -- Sue -- The road -- The married man -- The break -- The big ride -- The breakthrough -- The success, the failure -- Running from meaning -- The turn -- The moment of truth. |
| 520 ## - SUMMARY, ETC. | |
| Summary, etc. | The life story of Sting (Steve Borden), a world wrestling superstar, his quest for superstardom, a world gone terribly wrong, and a life-changing answer when he thought all hope was lost--P. [126]. |
| 600 00 - SUBJECT ADDED ENTRY--PERSONAL NAME | |
| Personal name | Sting |
| Titles and other words associated with a name | (Wrestler), |
| Dates associated with a name | 1959- |
| 650 #0 - SUBJECT ADDED ENTRY--TOPICAL TERM | |
| Topical term or geographic name entry element | Wrestlers |
| Geographic subdivision | United States |
| Form subdivision | Biography. |
| 650 #0 - SUBJECT ADDED ENTRY--TOPICAL TERM | |
| Topical term or geographic name entry element | Wrestlers |
| General subdivision | Religious life |
| Geographic subdivision | United States. |
| 700 1# - ADDED ENTRY--PERSONAL NAME | |
| Personal name | King, George |
| Fuller form of name | (George W.) |
| 856 41 - ELECTRONIC LOCATION AND ACCESS | |
| Materials specified | Table of contents only |
| Uniform Resource Identifier | <a href="http://www.loc.gov/catdir/toc/fy0606/2005298753.html">http://www.loc.gov/catdir/toc/fy0606/2005298753.html</a> |
| 856 42 - ELECTRONIC LOCATION AND ACCESS | |
| Materials specified | Publisher Web site |
| Uniform Resource Identifier | <a href="http://www.jcountryman.com">http://www.jcountryman.com</a> |
| 856 42 - ELECTRONIC LOCATION AND ACCESS | |
| Materials specified | Thomas Nelson Book Group Web site |
| Uniform Resource Identifier | <a href="http://www.thomasnelson.com">http://www.thomasnelson.com</a> |
| 856 42 - ELECTRONIC LOCATION AND ACCESS | |
| Materials specified | Motion picture Web site |
| Uniform Resource Identifier | <a href="http://www.sting-themovie.com">http://www.sting-themovie.com</a> |
| 856 42 - ELECTRONIC LOCATION AND ACCESS | |
| Materials specified | Publisher description |
| Uniform Resource Identifier | <a href="http://www.loc.gov/catdir/enhancements/fy0627/2005298753-d.html">http://www.loc.gov/catdir/enhancements/fy0627/2005298753-d.html</a> |
| 906 ## - LOCAL DATA ELEMENT F, LDF (RLIN) | |
| a | 7 |
| b | cbc |
| c | copycat |
| d | 2 |
| e | ncip |
| f | 20 |
| g | y-gencatlg |
| 942 ## - ADDED ENTRY ELEMENTS (KOHA) | |
| Source of classification or shelving scheme | Dewey Decimal Classification |
| Koha item type | Books |
| Withdrawn status | Lost status | Source of classification or shelving scheme | Damaged status | Not for loan | Collection code | Home library | Current library | Shelving location | Date acquired | Total Checkouts | Full call number | Barcode | Date last seen | Price effective from | Koha item type |
|---|---|---|---|---|---|---|---|---|---|---|---|---|---|---|---|
| Dewey Decimal Classification | Non-fiction | Harvest Mission College | Harvest Mission College | General Stacks | 18.02.2021 | 796 B728S | 011729 | 18.02.2021 | 18.02.2021 | Books |
